000 00995nam a2200253Ia 4500
003 Ost
005 20260507075401.0
008 260507s9999||||xx |||||||||||||| ||und||
020 _a8392719957
040 _cfsecg
041 _aara
082 _a600
100 _aاللبدي، نزار عوني
_eمؤلف
245 0 _aتنمية الأداء الوظيفي و الإداري /
_c نزار عوني اللبدي
260 _aعمان:
_bدار الدجلة ناشرون موزعون,
_c2015
300 _a223 صفحة؛
_bإيضاحات ؛
_c25 سم
504 _aالمراجع ص.229
520 _aيضم تقييم الأداء الوظيفي، إدارة الأداء الوظيفي، الدور الإداري في تنمية أداء المسار الوظيفي، تنمية الأداء الاداري
653 _aإدارة الأفراد
653 _aالإدارة
653 _aتقييم الأداء
653 _aتقييم الوظائف
942 _cكتاب
999 _c44274
_d44274